Planificación rural
Gorde:
| Egile nagusia: | |
|---|---|
| Formatua: | Liburua |
| Hizkuntza: | gaztelania |
| Argitaratua: |
Madrid
Agrícola Española
1992
|
| Edizioa: | 1a. ed |
| Gaiak: | |
| Etiketak: |
Etiketa erantsi
Etiketarik gabe, Izan zaitez lehena erregistro honi etiketa jartzen!
|
MARC
| LEADER | 00000cam a2200000 a 4500 | ||
|---|---|---|---|
| 001 | UCE2494 | ||
| 003 | CL-VaPUC | ||
| 008 | 140710e19920000sp |||||||||||||||||spa|d | ||
| 020 | |a 848544115X | ||
| 082 | 0 | 4 | |a 711.4 |b GOM |2 21 |
| 100 | |a Gómez Orea, Domingo |e author |9 579881 | ||
| 245 | 1 | 0 | |a Planificación rural |
| 250 | |a 1a. ed | ||
| 300 | |a 396 p | ||
| 942 | |c BK | ||
| 945 | |d 20140710 11:54:00 |a cmena | ||
| 260 | |a Madrid |b Agrícola Española |c 1992 | ||
| 650 | 7 | |a PLANIFICACION RURAL |2 CL-VaPUC |9 574944 | |
| 650 | 0 | |a Ordenación territorial |9 499134 | |
| 650 | 7 | |a ESPACIOS RURALES |2 CL-VaPUC |9 466736 | |
| 650 | 0 | |a Paisajes rurales |9 502024 | |
| 650 | 0 | |a Recursos naturales |9 255232 | |
| 583 | |a last modification |c 20190704 09:13:22 |k Rodrigo Vera | ||
| 999 | |c 356084 |d 356082 | ||
| 952 | |0 0 |1 0 |3 erb |4 0 |6 711_400000000000000_GOM_1992 |7 0 |8 A |9 463198 |a BIBING |b BIBING |i 3803643 |o 711.4 GOM 1992 |p 3803643 |r 2025-01-20 |w 2019-11-23 |y BK |z Catalogado en:20140710 |k GEO | ||